Sports Quiz

Random Sports or Basketball Quiz

NBA One-Time All-Stars Quiz Stats

 Plays Quiz Updated Feb 28, 2019

Score 0/64 Timer 08:00
4 Plays Today
Year (Team, Pos) All-Star % Correct
2018 (Min, C)Karl-Anthony Towns
87.1%
2018 (Phi, C)Joel Embiid
85.9%
2017 (LAC, C)DeAndre Jordan
84.5%
2018 (Was, G)Bradley Beal
83.4%
2018 (Ind, G)Victor Oladipo
81.3%
2018 (Mia, G)Goran Dragic
79.3%
2013 (Brk, C)Brook Lopez
78.1%
2017 (Uta, F)Gordon Hayward
77.5%
2015 (Atl, G)Kyle Korver
72.8%
2015 (Atl, G)Jeff Teague
72.4%
2009 (Cle, G)Mo Williams
71.5%
1998 (NJ, F)Jayson Williams
70.2%
2013 (NYK, C)Tyson Chandler
61.9%
2012 (LAL, C)Andrew Bynum
60%
2009 (Orl, G)Jameer Nelson
57.3%
2009 (Ind, F)Danny Granger
56.7%
1998 (Atl, G)Steve Smith
53.2%
2009 (NJ, G)Devin Harris
52.9%
2013 (Phi, G)Jrue Holiday
52.1%
2010 (Cha, F)Gerald Wallace
51.8%
2007 (Uta, C)Mehmet Okur
49.1%
2012 (Phi, F)Andre Iguodala
48.9%
2010 (LAC, C)Chris Kaman
44.9%
2001 (Sac, C)Vlade Divac
44.1%
2007 (Dal, G)Josh Howard
43.5%
1996 (Was, F)Juwan Howard
43.3%
2000 (Ind, F)Dale Davis
40.7%
2001 (Tor, F)Antonio Davis
40.6%
2004 (Uta, F)Andrei Kirilenko
40.4%
2004 (NJ, F)Kenyon Martin
39.2%
2004 (Mil, G)Michael Redd
38.4%
1998 (Ind, C)Rik Smits
35.9%
Year (Team, Pos) All-Star % Correct
2004 (Min, G)Sam Cassell
34.9%
1994 (NY, G)John Starks
33.1%
1994 (Chi, F)Horace Grant
31.8%
1990 (LAL, F)A.C. Green
29.7%
2004 (Ind, F)Ron Artest
29.1%
1998 (LAL, G)Nick VanExel
28.3%
1992 (Bos, F)Reggie Lewis
26.4%
1994 (Chi, G)B.J. Armstrong
26%
1994 (Por, F)Clifford Robinson
25.7%
1994 (NY, F)Charles Oakley
24.8%
2003 (Cha, F)Jamal Mashburn
23%
1994 (NJ, F)Derrick Coleman
21.5%
1994 (NJ, G)Kenny Anderson
21.4%
2002 (Min, F)Wally Szczerbiak
21.2%
2004 (Cha, C)Jamaal Magloire
20.8%
1994 (Atl, G)Mookie Blaylock
20.2%
2001 (Phi, C)Theo Ratliff
19.9%
2001 (Mia, F)Anthony Mason
19.4%
2002 (Atl, F)Shareef Abdur-Rahim
18.8%
2001 (Den, F)Antonio McDyess
17.6%
1995 (LAL, F)Cedric Ceballos
17.3%
1995 (Cle, F)Tyrone Hill
15.8%
1992 (Atl, F)Kevin Willis
15.4%
1992 (Hou, F)Otis Thorpe
14.1%
1992 (Pho, G)Jeff Hornacek
14%
1997 (Min, F)Tom Gugliotta
13.3%
1997 (Atl, F)Christian Laettner
13%
1995 (Phi, G)Dana Barros
9.8%
1991 (Phi, G)Hersey Hawkins
9.7%
1992 (Was, G)Michael Adams
8.2%
1991 (Mil, G)Ricky Pierce
7.4%
1997 (Dal, F)Chris Gatling
6.7%

You're not logged in!

Compare scores with friends on all Sporcle quizzes.
OR
Log In

Show Comments

Extras

Top Quizzes Today


Score Distribution

Your Account Isn't Verified!

In order to create a playlist on Sporcle, you need to verify the email address you used during registration. Go to your Sporcle Settings to finish the process.

Report this User

Report this user for behavior that violates our Community Guidelines.

Details: